[Event "NNM LAG"]
[Site "SCANDIC TROMSØ"]
[Date "2009.02.20"]
[Round "5"]
[White "Berglund, Jan S"]
[Black "Aanstad, Magnus"]
[Result "1-0"]
[WhiteElo "2018"]
[BlackElo "1898"]
[PlyCount "87"]
[EventDate "2009.??.??"]

1. d4 {[%emt 0:00:00]} Nf6 {[%emt 0:00:00]} 2. Bg5 Ne4 3. Bf4 c5 4. f3 Nf6 5.
d5 Qb6 6. Nc3 Qxb2 7. Bd2 Qb6 8. e4 d6 9. f4 Bg4 10. Nf3 {[%emt 0:00:00]} Nbd7
{[%emt 0:00:00]} 11. h3 {[%emt 0:00:18]} Bxf3 12. Qxf3 a6 13. g4 g6 14. a4 Rb8
15. h4 h5 16. g5 Ng4 17. Rb1 Qa7 18. Bh3 c4 19. Bxg4 hxg4 20. Qxg4 Bg7 21. Qf3
Qc5 22. Ne2 b5 23. Bb4 Qa7 24. a5 Rc8 25. Bc3 Bxc3+ 26. Qxc3 Rh7 27. Ng3 Nf8
28. Ke2 Qd7 29. Kf3 Rc5 30. h5 gxh5 31. Nxh5 Kd8 32. f5 Kc7 33. Nf4 Rxh1 34.
Rxh1 b4 35. Qg7 b3 36. Qxf8 bxc2 37. Qxf7 Rb5 38. Rc1 Rb1 39. Rxc2 Qa4 40.
Qxe7+ Kc8 41. Ne6 Qb3+ 42. Kg4 Rg1+ 43. Kh5 Qh3+ 44. Kg6 1-0